Electronics for engineers

The book provides a comprehensive course in modern electronics for engineering students. The first two chapters are introductory, describing basic concepts and passive components and devices. Chapter 3 develops the techniques of analysis used in the book including graphical methods, analysis by equi...

Celý popis

Uloženo v:
Podrobná bibliografie
Hlavní autor: R J Maddock
Médium: Kniha
Jazyk:Undetermined
Vydáno: London Longman 1995
Témata:
Tagy: Přidat tag
Žádné tagy, Buďte první, kdo otaguje tento záznam!
Thư viện lưu trữ: Trung tâm Học liệu Trường Đại học Cần Thơ
LEADER 01175nam a2200193Ia 4500
001 CTU_18926
008 210402s9999 xx 000 0 und d
082 |a 621.3 
082 |b M179 
100 |a R J Maddock 
245 0 |a Electronics for engineers 
245 0 |c R J Maddock, D M Calcutt 
260 |a London 
260 |b Longman 
260 |c 1995 
520 |a The book provides a comprehensive course in modern electronics for engineering students. The first two chapters are introductory, describing basic concepts and passive components and devices. Chapter 3 develops the techniques of analysis used in the book including graphical methods, analysis by equivalent circuit techniques, analysis using phasor diagrams and complex algebra, frequency response analysis, transient analysis and digital analysis. The remaining chapters cover specific classes of electronic circuits: digital circuits, analogue circuits, waveform generation and conversion, analogue and digital conversion, power supplies and controlled rectifier systems 
650 |a electrical engineering,electronics 
904 |i Minh, 971001 
980 |a Trung tâm Học liệu Trường Đại học Cần Thơ